El enigma del cadaver desaparecido / (Record no. 27009)

MARC details
000 -LEADER
fixed length control field 00697cam a2200241Ia 4500
001 - CONTROL NUMBER
control field PASb10766639
003 - CONTROL NUMBER IDENTIFIER
control field CP
005 - DATE AND TIME OF LATEST TRANSACTION
control field 20220506104330.0
008 - FIXED-LENGTH DATA ELEMENTS--GENERAL INFORMATION
fixed length control field 940314r19911990sp a 000 1 spa d
020 ## - INTERNATIONAL STANDARD BOOK NUMBER
International Standard Book Number 847722613X
020 ## - INTERNATIONAL STANDARD BOOK NUMBER
International Standard Book Number 9788477226130
040 ## - CATALOGING SOURCE
Original cataloging agency DMP
Transcribing agency DMP
Modifying agency OCLCQ
-- CGL
041 ## - LANGUAGE CODE
Language code of text/sound track or separate title spa
092 ## - LOCALLY ASSIGNED DEWEY CALL NUMBER (OCLC)
Classification number 468
Item number AVE
100 1# - MAIN ENTRY--PERSONAL NAME
Personal name Averbuj, Eduardo.
245 13 - TITLE STATEMENT
Title El enigma del cadaver desaparecido /
Statement of responsibility, etc. Eduardo Averbuj, Horace Elena.
260 ## - PUBLICATION, DISTRIBUTION, ETC. (IMPRINT)
Place of publication, distribution, etc. Barcelona, Spain :
Name of publisher, distributor, etc. Editorial Timun Mas,
Date of publication, distribution, etc. 1991, 1990.
300 ## - PHYSICAL DESCRIPTION
Extent 111 p. :
Other physical details ill. ;
Dimensions 20 cm.
490 1# - SERIES STATEMENT
Series statement Los casos de Newton Balas
650 #0 - SUBJECT ADDED ENTRY--TOPICAL TERM
Topical term or geographic name as entry element Spanish language
Form subdivision Readers.
650 #0 - SUBJECT ADDED ENTRY--TOPICAL TERM
Topical term or geographic name as entry element Detective and mystery stories.
942 ## - ADDED ENTRY ELEMENTS (KOHA)
Koha item type Libro/Book
Holdings
Withdrawn status Lost status Damaged status Not for loan Home library Current library Shelving location Date acquired Total Checkouts Full call number Barcode Date last seen Date checked out Price effective from Koha item type
        San Juan Del Sur -- Mobile Tortuga Children's Area 06/05/2022 2 JF 30028837 16/04/2024 14/02/2024 06/05/2022 Libro/Book

Powered by Koha